Teorija na upravlenieto i upravlenie na kačestvoto na stokite

Gespeichert in:
Bibliographische Detailangaben
1. Verfasser: Kamenov, Slavčo
Weitere Verfasser: Dimitrov, Petko Petkov
Format: Buch
Sprache:Bulgarisch
Veröffentlicht: Varna Visš institut za narodno stopanstvo "Dimitar Blagoev" 1985
Ausgabe:1. izd.
Tags: Tag hinzufügen
Keine Tags, Fügen Sie das erste Tag hinzu!

MARC

LEADER 00000nam a2200000 4500
001 c110262
005 20221220081247.8
041 0 |a bul 
044 |a BG 
245 1 0 |a Teorija na upravlenieto i upravlenie na kačestvoto na stokite  |c Slavčo Kamenov, Petko Petkov Dimitrov 
250 |a 1. izd. 
264 1 |a Varna  |b Visš institut za narodno stopanstvo "Dimitar Blagoev"  |c 1985 
300 |a 216 s. 
100 1 |a Kamenov, Slavčo 
700 1 |a Dimitrov, Petko Petkov